000 00717nam a22002057a 4500
005 20180419112615.0
010 _aENG-122467
020 _a9788171393701
_c900.00
035 _aEN-105999
037 _bDBAD/PUB
082 _a327.54081
100 _aYadav, Surya Narain
245 _aBrazil, india and south africa :
_cby Surya Narain Yadav [and] Indu Baghel
_btrilateral cooperation for democracy and development /
260 _aNew Delhi
_bJnanada Prakashan (P&D)
_c2010
270 _a4837/2, 24, Ansari Road, Daryaganj,
_bNew Delhi
_e110002
300 _a294p.
_bill.
_c21cm(Hb)
500 _aInclude bibliography [and] index
700 _dBaghel, Indu
942 _2ddc
_cEN
_mYAD
_h327.54081
999 _c150705
_d150705